|
|
|
|
| LEADER |
00946nam#a2200301#a#4500 |
| 001 |
001306 |
| 005 |
20160721141945.0 |
| 008 |
950714s1986####ag##################spa#d |
| 020 |
|
|
|a 9502501306
|
| 040 |
|
|
|a AR-BeUNQ
|
| 099 |
|
|
|a 30-A14
|
| 100 |
1 |
|
|a Alen Lascano, Luis C
|
| 245 |
0 |
2 |
|a Yrigoyen, Sandino y el panamericanismo
|c Luis C. Alen Lascano.
|
| 260 |
|
|
|a Buenos Aires :
|b Centro Editor de América Latina,
|c 1986
|
| 300 |
|
|
|a 138 p
|
| 600 |
1 |
4 |
|a YRIGOYEN, HIPOLITO
|d 1852-1933
|
| 648 |
|
4 |
|a 1824-1930
|
| 650 |
|
7 |
|a POLITICA EXTERIOR
|2 spines
|
| 650 |
|
7 |
|a NACIONALISMO
|2 spines
|
| 650 |
|
7 |
|a POLITICA DE NEUTRALIDAD
|2 spines
|
| 650 |
|
7 |
|a COLONIALISMO
|2 spines
|
| 650 |
|
7 |
|a HISTORIA CONTEMPORANEA
|2 spines
|
| 651 |
|
7 |
|a ARGENTINA
|2 Spines
|
| 651 |
|
7 |
|a AMERICA LATINA
|2 toit
|
| 653 |
|
|
|a PANAMERICANISMO
|
| 929 |
|
|
|a COMPRA
|b Centro Editor de América Latina
|c Exp. 827-0465/95
|d 4,90
|e 19950714
|j 11729
|
| 942 |
|
|
|c LIB
|n 0
|
| 999 |
|
|
|c 4107
|d 79494
|